000 00364nam a2200133Ia 4500
008 230917s9999||||xx |||||||||||||| ||und||
040 _e93670
_aMAIN
041 _aEnglish
082 _a677.3 A67E
100 _aArora, Rishi Kumar
245 0 _aEvaluation of halfbred wools and to study their performance in knitted fabric form
300 _a89 p.
942 _cTH
999 _c214564
_d214564